000 00794nam a22002537a 4500
005 20250701102603.0
008 250701b |||||||| |||| 00| 0 eng d
020 _a978-0-262-04812-5 (hbk)
037 _cTB
040 _aCRL
_cCRL
041 _2eng
_aeng
084 _a2:(D65,8(B)):8 P5;R3
_qCRL
100 _aDalkir, Kimiz
245 _aKnowledge management in theory and practice
250 _a4th Ed.
260 _aLondon. UK:
_bThe MIT Press,
_c2023.
300 _aix, 398p.
365 _b75.00
_cUSD
650 _aLibrary Science
650 _aManagement
650 _aAdministration
942 _2CC
_cTB
_e4th Ed.
_h2:(D65,8(B)):8 P5;R3
_n0
999 _c1433125
_d1433125